| 000 | 00663nam a2200193Ii 4500 | ||
|---|---|---|---|
| 003 | JO-AjNU | ||
| 008 | 230606s9999||||xx |||||||||||||| ||und|| | ||
| 040 |
_aJO-AjNU _beng _erda _cJO-AjNU |
||
| 041 | _aeng | ||
| 050 | 1 | 4 | _aQA76 2015 |
| 100 | 3 |
_apreparation Alodat,Alaa Faisal Mohammad , Supervisor Mohammad Bani-Younes, _eauthor _96059 |
|
| 245 | 0 | 0 | _aWorkshop Management Sstem |
| 264 | 3 | 1 | _aAjIoun: AjIoun National University, 2015 |
| 300 |
_a59p _b Graduation project, AjIoun National University, 2015 |
||
| 336 |
_atext _btxt _2rdacontent |
||
| 337 |
_aunmediated _bn _2rdamedia |
||
| 338 |
_avolume _bnc _2rdacarrier |
||
| 650 | 4 |
_aManagement System _96060 |
|
| 999 |
_aE3143 _c3140 _d3140 |
||